TV's Second Golden Age: Characters from TV Dramas Quiz Stats

 Plays Quiz Updated Jun 26, 2017

Support Sporcle.
Go Orange.
Score 0/42 Timer 06:00
0 Plays Today
% Correct
Carmela Soprano
94.8%
Tony Soprano
92.9%
Daenerys Targaryen
87.4%
Walter White
86.9%
Don Draper
86.7%
Cersei Lannister
86%
Tyrion Lannister
85.2%
Betty Draper
85%
Stannis Baratheon
83.8%
Catelyn Stark
81.5%
Jon Snow
80.8%
Skyler White
80.4%
Christopher Moltisanti
79.8%
Frank Underwood
79.4%
Olenna Tyrell
79.4%
Saul Goodman
78.6%
Jesse Pinkman
78.5%
Claire Underwood
78.3%
Ralph Cifaretto
75.2%
Silvio Dante
73.2%
Peggy Olson
72.9%
% Correct
Abbey Bartlet
72.6%
Hank Schrader
72.2%
Josiah Bartlet
71.8%
Adriana La Cerva
69.5%
C.J. Cregg
69%
Marie Schrader
66.4%
Jennifer Melfi
66%
Roger Sterling
64.9%
Josh Lyman
63.4%
Gus Fring
63.3%
Joan Harris
62.8%
Pete Campbell
62.4%
Doug Stamper
61.4%
Charlie Young
57.2%
Sam Seaborn
57.1%
Zoe Barnes
56.3%
Peter Russo
55.3%
Toby Ziegler
54.3%
Catherine Durant
52.7%
Remy Danton
50.9%
Sal Romano
39.7%

You're not logged in!

Compare scores with friends on all Sporcle quizzes.
OR
Log In
Forgot?

From the Vault

Anything but the UK

by TheCleverone

When we think of the UK, we think of tea, the Queen, and Marmite.
Remove Ads.
Support Sporcle.
Get the best of Sporcle when you Go Orange. This ad-free experience offers more features, more stats, and more fun while also helping to support Sporcle. Thank you for becoming a member.

Show Comments

Extras

Top Quizzes Today


Score Distribution

Your Account Isn't Verified!

In order to create a playlist on Sporcle, you need to verify the email address you used during registration. Go to your Sporcle Settings to finish the process.

Report this User

Report this user for behavior that violates our Community Guidelines.

Details: